| 000 | 00891cab a22002895a 4500 | ||
|---|---|---|---|
| 001 | L158934 | ||
| 008 | 151014e2015 xxk 000 0 eng d | ||
| 035 | _a(Sirsi) u158934 | ||
| 041 | 0 | _aeng | |
| 100 | 1 | _aOrji, Peter | |
| 245 | 0 | 4 | _aThe spectrum of compliance in the break clauses of commercial leases |
| 260 | _c2015 | ||
| 490 | _aThe Conveyancer and Property Lawyer $5 1015, 408-416(8) | ||
| 520 | _aConsiders | ||
| 590 | _aKA | ||
| 650 | 2 | 4 | _aBREAK CLAUSES |
| 650 | 4 | _aVACANT POSSESSION | |
| 650 | _aREED PERSONNEL SERVICES PLC V AMERICAN EXPRESS LTD | ||
| 650 | 4 | _aREPAIR COVENANTS | |
| 650 | 2 | 4 | _aOSBORNE ASSETS LTD V BRITANNIA LIFE LTD |
| 650 | 2 | 4 | _aBAIRSTOW EVES (SECURITIES) LTD V RIPLEY |
| 650 | 4 | _aLANDLORD AND TENANT ACT 1954 PART II | |
| 690 |
_aCommercial property _96227 |
||
| 690 |
_aLandlord and tenant _96252 |
||
| 700 | 1 | _aMeyer, Lily | |
| 942 | _n0 | ||
| 999 |
_c84738 _d84738 |
||